Présidents de Groupes de la XVIème législature à l'Assemblée Nationale - Statistiques

Statistiques générales
  • Ce quiz a été pris 120 fois
  • Le résultat moyen est 5 sur 10
Statistiques - réponses
Président de Groupe Groupe Nombre de membres % Correct
Marine Le Pen Rassemblement National 88
97%
Mathilde Panot La France Insoumise - NUPES 74
96%
Aurore Bergé Renaissance 170
65%
Boris Vallaud Socialistes 31
58%
Olivier Marleix Les Républicains 61
50%
André Chassaigne Gauche démocrate et républicaine - NUPES 22
47%
Cyrielle Chatelain Écologiste - NUPES 22
40%
Laurent Marcangeli Horizons 29
30%
Bertrand Pancher Libertés, Indépendants, Outre-mer et Territoires 20
23%
Jean Paul Mattei Démocrates 51
22%
Aucun quiz correspondant
Distribution des résultats
% des personnes avec chaque résultat
Percentile par nombre de réponses
Votre historique - résultats
Vous n’avez pas pris ce quiz